LIBRARY & INFORMATION CENTRE, KCAET, TAVANUR

ONLINE PUBLIC ACCESS CATALOGUE (OPAC)

Stochastic processes / (Record no. 13184)

MARC details
000 -LEADER
fixed length control field 00314cam a2200133ua 4500
020 ## - INTERNATIONAL STANDARD BOOK NUMBER
ISBN 9788126517572
082 ## - DEWEY DECIMAL CLASSIFICATION NUMBER
Classification number 519.2
Item number ROS/ST
100 ## - MAIN ENTRY--AUTHOR NAME
Personal name Ross, Sheldon M .
245 ## - TITLE STATEMENT
Title Stochastic processes /
250 ## - EDITION STATEMENT
Edition statement 2 /
260 ## - PUBLICATION, DISTRIBUTION, ETC. (IMPRINT)
Place of publication London :
Name of publisher John Wiley & Sons ,
Year of publication 2006.
300 ## - PHYSICAL DESCRIPTION
Number of Pages 510 ; .
942 ## - ADDED ENTRY ELEMENTS (KOHA)
Koha item type Books
Holdings
Withdrawn status Lost status Damaged status Home library Current library Date acquired Full call number Accession Number Koha item type Collection code Shelving location
      KAUAET KAUAET 07/04/2012 519.2 ROS/ST 21525 Books    
      KAUAET KAUAET 07/04/2012 519.2 ROS/ST 22263 Books    
      KAUAET KAUAET 07/04/2012 519.2 ROS/ST 22262 Books    
      KAUAET KAUAET 07/04/2012 519.2 ROS/ST 22261 Books    
      KAUAET KAUAET 07/04/2012 519.2 ROS/ST 22264 Books    
      KAUAET KAUAET 31/03/2012 519.2 ROS/ST 22592 Books Non-fiction General Stacks
free website counter